Statistics for Animal Sidekicks

Click here to take the quiz!

General Stats

  • This quiz has been taken 5,725 times
    (5,706 since last reset)
  • The average score is 12 of 21

Answer Stats

Sidekick(s) Counterpart % Correct
DonkeyShrek
86%
Scooby DooShaggy
84%
Timon & PumbaaSimba
83%
ChewbaccaHan Solo
82%
ThumperBambi
79%
TotoDorothy
78%
GromitWallace
73%
YoshiMario
70%
AbuAladdin
69%
HoochScott Turner
64%
FlounderAriel
61%
SilverThe Lone Ranger
61%
PikachuAsh Ketchum
49%
MushuMulan
48%
IagoJafar
45%
LassieJeff/Timmy
43%
DoryMarlin
41%
ShadowfaxGandalf
38%
Jaq & GusCinderella
30%
KazooieBanjo
25%
Richard ParkerPi Patel
21%

Score Distribution

Percentile by Number Answered

Percent of People with Each Score

Your Score History

You have not taken this quiz since the last reset